• 首页
  • 本馆介绍
  • 公告通知
  • 最新文献
  • 馆藏检索
  • 电子资源
  • 读者荐购
  • 参考咨询
  • CALIS
  • 我的图书馆
  • 登录
  • 详细信息显示
  • 放入我的书架
  • 预约/预借图书
  • 作者相关作品
  • 分类相关作品
  • 丛书相关作品
  • 出版社相关作品

书目信息

  • 表格格式
  • 工作单格式
  • 卡片格式
题名:
星 思维
    
 
作者: 侯江林 主编 ;许勉君 翻译 ;广东星艺装饰集团公司 编著
分册:  
出版信息: 广州   广州出版社  2021.10
页数: 277页
开本: 28cm
丛书名:
单 册:
中图分类: TU206
科图分类:
主题词: 建筑设计--jian zhu she ji--作品集--中国--现代
电子资源:
ISBN: 978-7-5462-3360-4
 
 
 
 
 
000 01458nam0 2200289 450
001 29407
005 20221017155249.22
010    @a978-7-5462-3360-4@b精装@dCNY188.00
100    @a20220902d2021 em y0chiy50 ea
101 0  @achi@aeng
102    @aCN@b440000
105    @aa z 000yy
200 1  @a星 思维@Axing si wei@d= Stellar thoughts@e第九届“星艺杯”设计大赛获奖作品集@f星艺装饰文化传媒中心编著@zeng
210    @a广州@c广州出版社@d2021.10
215    @a277页@c彩图@d28cm
314    @a书内题: 侯江林主编 许勉君翻译
330    @a本书稿收录了第九届“星艺杯”设计大赛获奖作品, 按设计作品类型分为“住宅·工程实景作品”“住宅·方案设计作品”“大宅·工程实景作品”“大宅·方案设计作品”“公共·工程实景作品”“公共·方案设计作品”6部分, 罗列了获金奖、银奖、铜奖、优秀奖作品。书稿以简约文字对各设计作品进行介绍, 明确指出各作品的设计意图, 欲达到的效果及设计的亮点、闪光点, 配合英文对照翻译精美的图片将设计作品直接呈现, 帮助阅读和理解, 吸引读者眼球。
510 1  @aStellar thoughts@zeng
517 1  @a第九届“星艺杯”设计大赛获奖作品集@Adi jiu jie “ xing yi bei ” she ji da sai huo jiang zuo pin ji
606 0  @a建筑设计@Ajian zhu she ji@x作品集@y中国@z现代
690    @aTU206@v5
701  0 @a侯江林@Ahou jiang lin@4主编
702  0 @a许勉君@Axu mian jun@4翻译
712 02 @a广东星艺装饰集团公司@Aguang dong xing yi zhuang shi ji tuan gong si@4编著
801  0 @aCN@c20220910
905    @a河南城建学院图书馆@dTU206@eH423@f1
962    @a20009353
    
    星 思维= Stellar thoughts:第九届“星艺杯”设计大赛获奖作品集/星艺装饰文化传媒中心编著.-广州:广州出版社,2021.10
    277页:彩图;28cm
    
    
    ISBN 978-7-5462-3360-4(精装):CNY188.00
    本书稿收录了第九届“星艺杯”设计大赛获奖作品, 按设计作品类型分为“住宅·工程实景作品”“住宅·方案设计作品”“大宅·工程实景作品”“大宅·方案设计作品”“公共·工程实景作品”“公共·方案设计作品”6部分, 罗列了获金奖、银奖、铜奖、优秀奖作品。书稿以简约文字对各设计作品进行介绍, 明确指出各作品的设计意图, 欲达到的效果及设计的亮点、闪光点, 配合英文对照翻译精美的图片将设计作品直接呈现, 帮助阅读和理解, 吸引读者眼球。
●
相关链接 在E读中查询图书 在当当中查询图书 在豆瓣中查询图书


正题名:星 思维     索取号:TU206/H423         预约/预借

序号 登录号 条形码 馆藏地/架位号 状态 备注
1 1582965   215829655   建筑库101/101建筑库 41排2列3层/ [索取号:TU206/H423] 在馆    
河南城建学院图书馆 欢迎您!
大连网信软件有限公司© 版权所有